000 00653nam a2200181 a 4500
001 000044160
005 20250129121827.0
008 140602s2003 dr 000 0 spa d
040 _aDO-SdBNP
_bspa
_cBNPHU
100 1 _aGatón Arce, Freddy,
_d1920-1994
_97946
245 1 0 _aOpinión editorial :
_bEl nacional 1966-1974 /
_cFreddy Gatón Arce ; recopilación y notas Andrés Blanco Díaz.
260 _aSanto Domingo :
_bFundación Corripio,
_c2003.
300 _av. (797) p. ;
_c24 cm.
490 1 _aPrisma
_v9
505 0 _av. 1
_tsept. 1976-jun. 1968 --
_gv. 2 --
_tJul.1968- dic.1969
700 1 2 _aBlanco Díaz, Andrés
_9172
830 0 _aPrisma
_v9
_93770
999 _c43649
_d43649